Devine le clip avec une image - Statistiques

Statistiques générales
  • Ce quiz a été pris 40 fois
  • Le résultat moyen est 6 sur 16
Statistiques - réponses
Par images Réponse % Correct
Umbrella
78%
Happy
64%
Au DD
61%
Bad Romance
56%
Last Friday Night
53%
Uptown Funk
53%
Bad Blood
42%
Hips Don't Lie
36%
Candy Shop
31%
On verra
28%
Hey Mama
25%
Smells Like Teen Spirit
25%
California Love
22%
The Way You Make Me Feel
19%
Godzilla
17%
Papi
8%
Aucun quiz correspondant
Distribution des résultats
% des personnes avec chaque résultat
Percentile par nombre de réponses
Votre historique - résultats
Vous n’avez pas pris ce quiz